000 00626nam a2200253Ia 4500
005 20260121114204.0
008 008 260114s9999 xx 000 0 eng d
020 _a9781119701675
037 _aEBOOK
040 _aCRL
040 _beng
040 _cCRL
041 _2eng
041 _aeng
084 _qCRL
100 _aDavid S. K. Ting
_9971942
245 0 _aEngineering Design and Optimization of Thermofluid Systems
260 _bWiley
260 _c2021
856 _uhttps://onlinelibrary.wiley.com/doi/book/10.1002/9781119701675
942 _cEBOOK
999 _c1551196
_d1551196